000 00727nam a22002177a 4500
999 _c85257
_d85257
005 20230201114217.0
010 _aENG-110268 ENG-135853
020 _a9789351426653
_c390.00
035 _aEN-93800
035 _aEN-119385
037 _bDBAD/PUB
082 _a657.42
100 _aMadegowda, J.
245 _aCost accounting :
_belements of cost and methods of costing/
_cby J. Madegowda
250 _a2nd rev. ed
260 _aNew Delhi
_bHimalaya Publishing House
_c2014
270 _a"Pooja Apartments"4-B, Murari Lal Street, Ansari Road, Darya Ganj
_bNew Delhi
_e110002
300 _axi,474p.
_c24cm(pbk)
500 _aIncludes bibliographical references and index
942 _2ddc
_cEN
_mMAD
_h657.42